ARRUPE JESUIT UNIVERSITY

CORONAVIRUS -STOP THE SPREAD - CLEAN,DISINFECT,COVER

A handbook to the Kingdom of Swaziland. (Record no. 4960)

MARC details
000 -LEADER
fixed length control field 00639cam a22002171 4500
001 - CONTROL NUMBER
control field 16114486
005 - DATE AND TIME OF LATEST TRANSACTION
control field 20170530124722.0
008 - FIXED-LENGTH DATA ELEMENTS--GENERAL INFORMATION
fixed length control field 100302s1968 sa ab b 000 0 eng
010 ## - LIBRARY OF CONGRESS CONTROL NUMBER
LC control number 74225537
040 ## - CATALOGING SOURCE
Original cataloging agency DLC
Transcribing agency DLC
Modifying agency DLC
043 ## - GEOGRAPHIC AREA CODE
Geographic area code f-sq---
050 00 - LIBRARY OF CONGRESS CALL NUMBER
Classification number DT971
Item number .A44
110 1# - MAIN ENTRY--CORPORATE NAME
Corporate name or jurisdiction name as entry element Swaziland.
Subordinate unit Government Information Services.
9 (RLIN) 31718
245 12 - TITLE STATEMENT
Title A handbook to the Kingdom of Swaziland.
260 ## - PUBLICATION, DISTRIBUTION, ETC. (IMPRINT)
Place of publication, distribution, etc Mbabane,
Date of publication, distribution, etc 1968.
300 ## - PHYSICAL DESCRIPTION
Extent 126 p.
Other physical details illus. (part col.), maps.
Dimensions 22 cm.
504 ## - BIBLIOGRAPHY, ETC. NOTE
Bibliography, etc Bibliography: p. 124.
651 #0 - SUBJECT ADDED ENTRY--GEOGRAPHIC NAME
Geographic name Swaziland.
9 (RLIN) 31719
906 ## - LOCAL DATA ELEMENT F, LDF (RLIN)
a 0
b cbc
c premunv
d 3
e ncip
f 19
g y-gencatlg
942 ## - ADDED ENTRY ELEMENTS (KOHA)
Source of classification or shelving scheme Library of Congress Classification
Item type Monograph ( Printed materials)
Holdings
Withdrawn status Lost status Source of classification or shelving scheme Damaged status Not for loan Collection code Home library Current library Shelving location Date acquired Total Checkouts Full call number Barcode Date last seen Copy number Price effective from Koha item type
    Library of Congress Classification     Main Collection ARRUPE LIBRARY ARRUPE LIBRARY   27/02/2013   DT2717.K54 46406524 07/12/2017 1 27/02/2013 Monograph ( Printed materials)

 

Arrupe Library. PO Box MP320 Mt Pleasant, Harare, Zimbabwe
263 242 745411|librarian@aju.ac.zw